• 首页
  • 本馆介绍
  • 公告通知
  • 最新文献
  • 馆藏检索
  • 电子资源
  • 读者导购
  • 参考咨询
  • 我的图书馆
  • 登录
  • 详细信息显示
  • 放入我的书架
  • 预约/预借图书
  • 作者相关作品
  • 分类相关作品
  • 丛书相关作品
  • 出版社相关作品

书目信息

  • 表格格式
  • 工作单格式
  • 卡片格式
题名:
犯罪心理学纲要
    
 
作者: 林秉贤 编著
分册:  
出版信息: 北京   中国展望出版社  1987.07
页数: 355页
开本: 21cm
丛书名:
单 册:
中图分类: B849:D917
科图分类:
主题词: 应用心理学--犯罪学
电子资源:
ISBN:
000 00547nam0 2200193 45
001 0181024953
005 20070802101142.81
010    @b塑装@dCNY2.65
091    @a17271.018
100    @a20810111d km y0chiy0120 ea
101 0  @achi
200 1  @a犯罪心理学纲要@AFAN ZUI XIN LI XUE GANG YAO@f林秉贤编著@FLIN BING XIANBIAN ZHU
210    @a北京@c中国展望出版社@d1987.07
215    @a355页@d21cm
606 0  @a应用心理学@x犯罪学
690    @aB849:D917@v3
701 0  @a林秉贤@4编著
801    @aCN@bTSTC@c20070802
905    @dB849:D917@e191@f1@b204673
    
    犯罪心理学纲要/林秉贤编著.-北京:中国展望出版社,1987.07
    355页;21cm
    
    
    ISBN (塑装):CNY2.65
    
●
相关链接 在E读中查询图书 在五车中查询图书 在当当中查询图书 在豆瓣中查询图书


正题名:犯罪心理学纲要     索取号:B849:D917/191         预约/预借

序号 登录号 条形码 馆藏地/架位号 状态 备注
1 0204673   001987522   第一样本阅览室/ [索取号:B849:D917/191] 在馆    
2 0790638   207906382   密集书库/ [索取号:B849:D917/191] 在馆    
唐山师范学院图书馆 欢迎您!
大连网信软件有限公司© 版权所有